000 00260nam a2200109Ia 4500
008 190907s9999||||xx |||||||||||||| ||und||
100 _aDass,H.k
245 0 _aMathematics For Class x
260 _aNew Delhi
_bBantam Books Inc
_c2004
300 _a806
942 _cBK
999 _c6552
_d6552